[Event "Burjassot U2200 op 6th"]
[Site "Burjassot"]
[Date "2018.09.07"]
[Round "1.40"]
[White "Ribas Salas, Jordi"]
[Black "Gimenez Sanchis, Jose Antonio"]
[Result "0-1"]
[WhiteElo "1006"]
[BlackElo "1586"]
[PlyCount "48"]
[EventDate "2018.09.07"]
[EventType "swiss"]
[EventRounds "7"]
[EventCountry "ESP"]
[SourceTitle "EXT 2024"]
[Source "ChessBase"]
[SourceDate "2023.10.10"]
[SourceVersion "1"]
[SourceVersionDate "2023.10.10"]
[SourceQuality "1"]

1. e4 c6 2. Nf3 d5 3. exd5 cxd5 4. h3 Bf5 5. Bb5+ Nc6 6. Bxc6+ bxc6 7. 0-0 h6 8. Nd4 Qd7 9. d3 Nf6 10. Qf3 Bg6 11. Nd2 e6 12. Qe3 Bd6 13. c4 0-0 14. Re1 Rfe8 15. N2f3 Qc7 16. a3 e5 17. Nc2 dxc4 18. dxc4 Bxc2 19. c5 Bf8 20. b4 Nd5 21. Qe2 e4 22. Nd4 Bd3 23. Qg4 Nf6 24. Bxh6 Nxg4 0-1

[Event "Burjassot U2200 op 4th"]
[Site "Burjassot"]
[Date "2016.10.07"]
[Round "5.10"]
[White "Gimenez Sanchis, Jose Antonio"]
[Black "Gonzalez Terol, Enrique"]
[Result "0-1"]
[WhiteElo "1633"]
[BlackElo "1894"]
[PlyCount "86"]
[EventDate "2016.09.09"]
[EventType "swiss"]
[EventRounds "7"]
[EventCountry "ESP"]
[SourceTitle "EXT 2024"]
[Source "ChessBase"]
[SourceDate "2023.10.10"]
[SourceVersion "1"]
[SourceVersionDate "2023.10.10"]
[SourceQuality "1"]

1. d4 d5 2. c4 c6 3. Nc3 e6 4. e3 a6 5. Nf3 Nf6 6. cxd5 cxd5 7. Bd3 Be7 8. 0-0 0-0 9. a3 b5 10. b4 Bb7 11. Bd2 Nbd7 12. Rc1 Nb6 13. Ne2 Ne4 14. Ng3 Rc8 15. Qe2 Qd6 16. Rxc8 Rxc8 17. Rc1 Nc4 18. Bxc4 dxc4 19. Nxe4 Bxe4 20. Bc3 a5 21. Nd2 Bd3 22. Qf3 Qd5 23. Qg4 f5 24. Qf3 axb4 25. Qxd5 exd5 26. axb4 Ra8 27. Nf3 Ra4 28. Ne5 Bxb4 29. Bxb4 Rxb4 30. h3 Rb3 31. Nxd3 Rxd3 32. Kf1 b4 33. Ke2 Ra3 34. f3 Ra2+ 35. Kf1 b3 36. Rb1 b2 37. Ke2 c3 38. Kd3 Ra1 39. Kc2 Kf7 40. g4 Kf6 41. h4 fxg4 42. fxg4 h5 43. gxh5 Kf5 0-1

[Event "Mislata op-C 45th"]
[Site "Mislata"]
[Date "2011.08.19"]
[Round "7"]
[White "Medialdea Fernandez, Hernando"]
[Black "Gimenez Sanchis, Jose Antonio"]
[Result "1/2-1/2"]
[WhiteElo "1887"]
[BlackElo "1652"]
[PlyCount "38"]
[EventDate "2011.08.15"]
[EventType "swiss"]
[EventRounds "9"]
[EventCountry "ESP"]
[SourceTitle "EXT 2014"]
[Source "ChessBase"]
[SourceDate "2013.11.20"]
[SourceVersion "1"]
[SourceVersionDate "2013.11.20"]
[SourceQuality "1"]

1. Nf3 Nf6 2. b3 d5 3. e3 Bf5 4. Bb2 e6 5. Be2 Bd6 6. d3 Nbd7 7. Nh4 Bg6 8. Nxg6 hxg6 9. h3 Qe7 10. Nd2 0-0-0 11. Bf3 Ne5 12. e4 g5 13. d4 Nxf3+ 14. gxf3 Nd7 15. Qe2 Ba3 16. 0-0-0 Rhe8 17. Kb1 Bxb2 18. Kxb2 c5 19. Nb1 cxd4 1/2-1/2

[Event "Provincial-ch Valencia Primera"]
[Site "Valencia"]
[Date "2010.11.06"]
[Round "4"]
[White "Mir Latorre, Angel"]
[Black "Gimenez Sanchis, Jose Antonio"]
[Result "0-1"]
[WhiteElo "1871"]
[BlackElo "1580"]
[PlyCount "80"]
[EventDate "2010.10.02"]
[EventType "swiss"]
[EventRounds "7"]
[EventCountry "ESP"]
[SourceTitle "EXT 2024"]
[Source "ChessBase"]
[SourceDate "2023.10.10"]
[SourceVersion "1"]
[SourceVersionDate "2023.10.10"]
[SourceQuality "1"]

1. c4 e5 2. Nc3 Nf6 3. Nf3 d6 4. g3 Be6 5. d3 h6 6. Bg2 c6 7. 0-0 Be7 8. h3 Na6 9. a3 Rb8 10. Be3 b6 11. Qa4 Qc8 12. Kh2 0-0 13. b4 Bd7 14. Qc2 c5 15. b5 Nc7 16. a4 Nh7 17. Nd2 f5 18. f4 exf4 19. Bxf4 Be6 20. e4 g5 21. exf5 Bxf5 22. Be3 Qe8 23. Nd5 Nxd5 24. Bxd5+ Kg7 25. Ne4 Bxe4 26. Bxe4 Bf6 27. Rae1 Be5 28. Bc1 Nf6 29. Bc6 Qh5 30. Bb2 Ng4+ 31. Kg2 Rxf1 32. Bxe5+ dxe5 33. Kxf1 Qxh3+ 34. Qg2 Qxg2+ 35. Kxg2 Kf6 36. Kf3 h5 37. Ke4 Rd8 38. Rf1+ Kg6 39. Bd5 h4 40. Be6 Rd4+ 0-1

[Event "Provincial-ch Valencia Primera"]
[Site "Valencia"]
[Date "2010.10.16"]
[Round "2"]
[White "Cortes Fernandez, Leandro"]
[Black "Gimenez Sanchis, Jose Antonio"]
[Result "0-1"]
[WhiteElo "1767"]
[BlackElo "1580"]
[PlyCount "50"]
[EventDate "2010.10.02"]
[EventType "swiss"]
[EventRounds "7"]
[EventCountry "ESP"]
[SourceTitle "EXT 2024"]
[Source "ChessBase"]
[SourceDate "2023.10.10"]
[SourceVersion "1"]
[SourceVersionDate "2023.10.10"]
[SourceQuality "1"]

1. e4 e6 2. d4 d5 3. Nd2 dxe4 4. Nxe4 Nf6 5. Nxf6+ Qxf6 6. Nf3 Bd6 7. Bd3 h6 8. Be3 Nc6 9. c3 0-0 10. Qd2 e5 11. d5 Ne7 12. c4 Nf5 13. 0-0 b6 14. b4 Nxe3 15. fxe3 Qe7 16. e4 Bxb4 17. Qb2 Bd6 18. Kh1 f5 19. exf5 Bxf5 20. Bxf5 Rxf5 21. Qc2 Raf8 22. Rfe1 a5 23. h3 Qf6 24. Qe4 Re8 25. g3 Rxf3 0-1

[Event "Mislata op-C"]
[Site "Mislata"]
[Date "2010.08.21"]
[Round "8"]
[White "Molina Cabaleiro, Juan Jose"]
[Black "Gimenez Sanchis, Jose Antonio"]
[Result "1-0"]
[WhiteElo "1793"]
[BlackElo "1561"]
[PlyCount "39"]
[EventDate "2010.08.16"]
[EventType "swiss"]
[EventRounds "9"]
[EventCountry "ESP"]
[SourceTitle "EXT 2012"]
[Source "ChessBase"]
[SourceDate "2011.11.24"]
[SourceVersion "1"]
[SourceVersionDate "2011.11.24"]
[SourceQuality "1"]

1. d4 Nf6 2. Nf3 d6 3. Bf4 g6 4. e3 Bg7 5. Be2 0-0 6. h3 Nbd7 7. 0-0 b6 8. c4 Bb7 9. Nc3 Re8 10. Qc2 Rb8 11. Rfd1 c6 12. Rac1 Qc7 13. b4 e5 14. dxe5 dxe5 15. Bh2 c5 16. Nb5 Qd8 17. Nxe5 Be4 18. Qa4 Bc6 19. Nxc6 Qc8 20. Nd6 1-0